000
00260nam a2200109Ia 4500
008
220204s9999 xx 000 0 und d
082
_a
82-3
_b
LAP
100
_a
Lapierre, Dominique
245
4
_a
The City of joy
260
_a
New York
_b
Warner
_c
1986
942
_c
BK
999
_c
40180
_d
40180